20 Random Countries on a World Map - Statistics

General Stats
  • This quiz has been taken 457 times
  • The average score is 18 of 20
Answers on the Map
Answers color-coded by a green-red scale on the quiz's map according to % correct below.
 
Answer Stats
Country % Correct
Angola
100%
Argentina
100%
Australia
100%
Austria
100%
Bangladesh
100%
Belarus
100%
Belgium
100%
Benin
100%
Botswana
100%
Brazil
100%
Cambodia
100%
Canada
100%
Cape Verde
100%
Chad
100%
Chile
100%
China
100%
Colombia
100%
Croatia
100%
Cuba
100%
Czech Republic
100%
Denmark
100%
DR Congo
100%
Egypt
100%
Equatorial Guinea
100%
Finland
100%
France
100%
Gabon
100%
Georgia
100%
Germany
100%
Ghana
100%
Greece
100%
Guatemala
100%
Guinea
100%
Guinea-Bissau
100%
Honduras
100%
Hungary
100%
Iceland
100%
India
100%
Iran
100%
Ireland
100%
Israel
100%
Italy
100%
Jordan
100%
Kazakhstan
100%
Kenya
100%
Kiribati
100%
Kosovo
100%
Kyrgyzstan
100%
Laos
100%
Latvia
100%
Libya
100%
Lithuania
100%
Madagascar
100%
Malta
100%
Mexico
100%
Mongolia
100%
Myanmar
100%
Nauru
100%
Nepal
100%
Netherlands
100%
Nicaragua
100%
Niger
100%
Nigeria
100%
North Korea
100%
Norway
100%
Oman
100%
Pakistan
100%
Palau
100%
Papua New Guinea
100%
Paraguay
100%
Peru
100%
Poland
100%
Portugal
100%
Romania
100%
Russia
100%
Serbia
100%
Somalia
100%
South Africa
100%
South Sudan
100%
Spain
100%
Sri Lanka
100%
Suriname
100%
Sweden
100%
Switzerland
100%
Taiwan
100%
Tajikistan
100%
Tanzania
100%
Thailand
100%
Togo
100%
Ukraine
100%
United States
100%
Uruguay
100%
Venezuela
100%
Yemen
100%
Rwanda
90%
Bahamas
89%
Afghanistan
88%
Algeria
88%
Ecuador
88%
Indonesia
88%
Lesotho
88%
Malaysia
88%
Mali
88%
Morocco
88%
Mozambique
88%
New Zealand
88%
Saudi Arabia
88%
Tunisia
88%
Estonia
86%
Japan
86%
United Arab Emirates
86%
Belize
83%
Bolivia
83%
Cameroon
83%
Costa Rica
83%
Eritrea
83%
Guyana
83%
Sierra Leone
83%
Sudan
83%
Turkmenistan
83%
Malawi
82%
Tonga
82%
Armenia
80%
Bosnia and Herzegovina
80%
Bulgaria
80%
Kuwait
80%
Panama
80%
Philippines
80%
Zimbabwe
80%
Senegal
79%
Syria
78%
Central African Republic
75%
Fiji
75%
Haiti
75%
Ivory Coast
75%
Mauritius
75%
Republic of the Congo
75%
Samoa
75%
Slovakia
75%
South Korea
75%
Turkey
75%
Uganda
75%
Vanuatu
75%
Zambia
75%
Azerbaijan
71%
Jamaica
71%
Mauritania
70%
Burkina Faso
67%
Comoros
67%
Iraq
67%
Liberia
67%
North Macedonia
67%
Seychelles
67%
Solomon Islands
67%
United Kingdom
67%
Uzbekistan
67%
Sao Tome and Principe
64%
El Salvador
63%
Slovenia
60%
Vietnam
60%
Albania
57%
Ethiopia
57%
Tuvalu
57%
Burundi
55%
Dominican Republic
50%
Eswatini
50%
FS Micronesia
50%
Maldives
50%
Namibia
50%
Moldova
40%
Marshall Islands
33%
No matching quizzes found
Score Distribution
Percent of People with Each Score
Percentile by Number Answered
Your Score History
You have not taken this quiz